000 03201cam a22005894i 4500
003 PE-LiUPU
005 20250731173043.0
008 170508s2017 miua rb 001 0 eng
020 _a0801049040
020 _a9780801049040
035 _a(Sirsi) i9780801049040
035 _a(OCoLC)961153119
040 _aDLC
_bspa
_erda
_cDLC
_dYDX
_dOCLCO
_dOCLCF
_dIGR
_dTUU
_dYDX
_dPTS
_dICW
_dLNT
_dPE-LiUPU
049 _aPRUA
050 0 0 _aBS1199.L3
_bG36 2017
082 0 0 _a241.2
_bG19
_223
100 1 _aGane, Roy,
_d1955- ,
_eautor.
245 1 0 _aOld Testament law for Christians :
_boriginal context and enduring application /
_cRoy E. Gane.
264 1 _aGrand Rapids, Michigan :
_bBaker Academic, a division of Baker Publishing Group,
_c[2017]
300 _axvi, 448 páginas ;
_c23 centímetros
336 _atext
_2rdacontent
337 _aunmediated
_2rdamedia
338 _avolume
_2rdacarrier
504 _aBibliografía : páginas 411-417.
504 _aÍndice : páginas 418-448.
505 0 _aPart 1. Getting into Old Testament law. Is Old Testament law relevant for new-covenant Christians? -- What is Old Testament law? -- The purpose of Old Testament law -- Part 2. Literature and background of Old Testament law. Navigating Old Testament laws and related literature -- How does the Old Testament law genre inculcate values? -- Historical contexts illuminating Old Testament laws -- Part 3. Applying Old Testament laws. Introduction to applying Old Testament laws to Christian life -- Approaches to applying Old Testament law -- Progressive moral wisdom -- Case study of progressive moral wisdom: lost and profound in Exodus 23:4 -- Part 4. Values in Old Testament law. Ten Commandments and related laws, part one -- Ten Commandments and related laws, part two -- Social justice in Old Testament law -- Old Testament law and theodicy -- Questions about keeping Old Testament laws today -- Values reflected in ritual laws -- Conclusion: The value of obedience to God.
526 _aSEG42
526 _aSEG41
526 _aSEG40
526 _aSEG39
526 _aP94
526 _aP87
526 _aP86
526 _aP85
526 _aP77
526 _aP76
526 _aP35
650 0 _aCristianismo y ley.
650 0 _aLey (Teología).
650 7 _aChristianity and law.
_2fast
_0(OCoLC)fst00859679
650 7 _aLaw (Theology)
_2fast
_0(OCoLC)fst00993883
910 _adbm
_bebj
_cebj
_d20171226
910 _adbm
_bncf
_cncf
_d20180105
942 _2ddc
_cBOOK
949 _a241.2 G19
_wDEWEY
_c1
_i77600
_lCATALOGING
_mBUL
_p30.00
_r0
_sY
_tBOOK
_u2017-12-26
_xPOSGRADO
_PP85
_0DONACION
_o.STAFF. Colección Teología.
994 _aC0
_bPEPRU
596 _a1
999 _a241.2 G19
_wDEWEY
_c26374
_i77600
_d26374
_e2018-5-29
_f2021-11-10
_g4
_lCCODEBUL1
_mBUL
_n1
_p30.00
_q1
_r0
_sY
_tBOOK
_u2017-12-26
_xTEOLOGIA
_PP85
_0DONACION
_o.STAFF. Colección Teología.
999 _a241.2 G19
_wDEWEY
_c2
_i77815
_f2021-11-10
_g4
_lCCODEBUL1
_mBUL
_p30.00
_r0
_sY
_tBOOK
_u2018-1-5
_xTEOLOGIA
_PP85
_0DONACION
_o.STAFF. Colección Teología
980 _81
_gALBERTO SANCHEZ Responsable de Automatización